000 00350nam a2200133Ia 4500
100 _aBali/ S.P./ Bali/ R.
650 _aElectrical Engineering
942 _cRB
654 _aelements of electronics instrumentation
245 _aElements of Electronics Instrumentation
260 _bGalgotia
_aNew Delhi
_c1994
546 _aENGLISH
999 _c26665
_d26665